Co to za napój? - Statystyki

Ogólne statystyki
  • Ten quiz został rozwiązany 47 razy
  • Średni wynik to 40 z 60
Statystyki odpowiedzi
Obrazkowy Odpowiedź % Poprawnych
Coca-Cola
100%
Lipton
100%
Pepsi
95%
Tymbark
95%
Żubr
95%
Fanta
92%
Hellena
92%
Kubuś
92%
Monster Energy
92%
Sprite
92%
Tyskie
92%
Żywiec
92%
Harnaś
89%
Nałęczowianka
89%
Oshee
89%
Piccolo
89%
Black Energy
87%
Cisowianka
87%
Dzik
87%
Red Bull
87%
Żywiec-Zdrój
87%
7-Up
84%
Jack Daniels
84%
Mleko Łaciate
84%
Heineken
82%
Dr Pepper
79%
Mountain Dew
76%
Perła
76%
Jacobs
74%
Lech
74%
Somersby
74%
Burn
71%
Nesquik
71%
Tatra
66%
Fuze Tea
63%
Grappa
63%
Tiger
61%
Caprio
58%
Łomża
58%
Soplica
58%
Schweppes
55%
Dr Witt
50%
Nescafé
50%
Hardmade
47%
Martini
47%
Nestea
47%
Saga
47%
Kropla Beskidu
45%
Tarczyn
45%
Kasztelan
42%
Jurajska
39%
Bacardi
37%
Puchatek
37%
Hoop Cola
32%
Alcalia
24%
Ustronianka
24%
Cacao Decomorreno
18%
Remsey
16%
Kinga Pienińska
13%
Cechini Muszyna
8%
Nie znaleziono quizów pasujących do podanych kryteriów
Rozkład punktacji
Procent ludzi z każdym wynikiem
Percentyl według liczby udzielonych odpowiedzi
Twoja historia wyników
Nie rozwiązałeś tego quizu